[Event "Swiss-554.1.09"]
[Site "IECC email"]
[Date "2010.11.01"]
[Round "?"]
[White "Philips, Justin"]
[Black "Vertenten, Leo"]
[Result "1-0"]
[WhiteElo "1278"]
[BlackElo "1317"]
[PlyCount "39"]
[EventDate "2010.??.??"]
[EventType "tourn (corr)"]
[SourceTitle "Telechess CBM 145"]
[Source "Chessbase"]
[SourceDate "2011.11.11"]
[SourceVersion "1"]
[SourceVersionDate "2011.11.11"]
[SourceQuality "1"]
[WhiteTeam "India"]
[BlackTeam "South Africa"]
[WhiteTeamCountry "IND"]
[BlackTeamCountry "RSA"]

1. d4 d5 2. c4 e6 3. g3 Bb4+ 4. Bd2 Qe7 5. Bg2 Nf6 6. a3 Bd6 7. c5 Bxc5 8. dxc5 Qxc5 9. Nf3 Nc6 10. Nc3 Bd7 11. b4 Qc4 12. Rc1 Qg4 13. Bf4 Qh5 14. h3 e5 15. g4 Nxg4 16. hxg4 Qxg4 17. Bh3 Qxf4 18. Bxd7+ Kxd7 19. Nxd5 Qg4 20. Nf6+ 1-0

[Event "IECC Swiss-524.4"]
[Site "IECC email"]
[Date "2009.04.18"]
[Round "?"]
[White "Bladyko, Pawel"]
[Black "Vertenten, Leo"]
[Result "1-0"]
[WhiteElo "1636"]
[BlackElo "1294"]
[PlyCount "31"]
[EventDate "2009.??.??"]
[EventType "tourn (corr)"]
[EventRounds "1"]
[SourceTitle "Corr 2011"]
[Source "ChessBase"]
[SourceDate "2010.08.31"]
[SourceVersion "1"]
[SourceVersionDate "2010.08.31"]
[SourceQuality "1"]
[WhiteTeam "Poland"]
[BlackTeam "South Africa"]
[WhiteTeamCountry "POL"]
[BlackTeamCountry "RSA"]

1. e4 c5 2. Nf3 Nc6 3. d4 cxd4 4. Nxd4 Nf6 5. Nc3 a6 6. Nxc6 dxc6 7. Qxd8+ Kxd8 8. Bf4 e6 9. 0-0-0+ Bd7 10. Be2 Bc5 11. Bg3 Ke7 12. e5 Nd5 13. Ne4 Bb6 14. c4 Nb4 15. Bh4+ f6 16. exf6+ 1-0

[Event "IECG CP.2008.P.00016 email"]
[Site "IECG email"]
[Date "2008.10.01"]
[Round "?"]
[White "Vertenten, Leo"]
[Black "Pilz, Erhard"]
[Result "0-1"]
[WhiteElo "1199"]
[BlackElo "1936"]
[PlyCount "54"]
[EventDate "2008.10.01"]
[EventType "tourn (corr)"]
[EventRounds "6"]
[EventCountry "ARG"]
[SourceTitle "Corr 2024"]
[Source "ChessBase"]
[SourceDate "2023.10.19"]
[SourceVersion "1"]
[SourceVersionDate "2023.10.19"]
[SourceQuality "1"]

1. d4 d5 2. Nf3 Nf6 3. h3 e6 4. Bg5 c5 5. c3 h6 6. Bxf6 Qxf6 7. e3 Nc6 8. Be2 Be7 9. Nbd2 0-0 10. 0-0 Bd7 11. Qc2 Bd6 12. e4 cxd4 13. cxd4 Nxd4 14. Nxd4 Qxd4 15. Bd3 Rac8 16. Qb1 dxe4 17. Nxe4 Bb8 18. Rd1 Bc6 19. Qc2 Qe5 20. g3 Bxe4 21. Qe2 Bd5 22. Qxe5 Bxe5 23. Rd2 Rfd8 24. f4 Bd4+ 25. Kh2 Be3 26. Rc2 Rxc2+ 27. Bxc2 Bf3 0-1

[Event "IECC O-2825"]
[Site "IECC email"]
[Date "2008.08.27"]
[Round "?"]
[White "Church, John Ray"]
[Black "Vertenten, Leo"]
[Result "1-0"]
[WhiteElo "1283"]
[BlackElo "1339"]
[PlyCount "31"]
[EventDate "2008.??.??"]
[EventType "swiss (corr)"]
[EventRounds "2"]
[SourceTitle "Corr 2013"]
[Source "ChessBase"]
[SourceDate "2012.11.12"]
[SourceVersion "1"]
[SourceVersionDate "2012.11.12"]
[SourceQuality "1"]
[WhiteTeam "Australia"]
[BlackTeam "Canada"]
[WhiteTeamCountry "AUS"]
[BlackTeamCountry "CAN"]

1. e4 c5 2. Nf3 d6 3. d4 cxd4 4. Nxd4 a6 5. Nc3 e6 6. Be2 e5 7. Nf3 Be6 8. Ng5 Qd7 9. Nxe6 Qxe6 10. Nd5 Kd8 11. Nb6 Ra7 12. Be3 Nc6 13. Nd5 Nd4 14. Bxd4 exd4 15. Qxd4 Ra8 16. Qb6+ 1-0

[Event "IECC O-2743"]
[Site "IECC email"]
[Date "2008.01.30"]
[Round "?"]
[White "Vertenten, Leo"]
[Black "Stearns, Ron"]
[Result "1/2-1/2"]
[WhiteElo "1388"]
[BlackElo "1258"]
[PlyCount "71"]
[EventDate "2008.??.??"]
[EventType "swiss (corr)"]
[EventRounds "2"]
[SourceTitle "Corr 2013"]
[Source "ChessBase"]
[SourceDate "2012.11.12"]
[SourceVersion "1"]
[SourceVersionDate "2012.11.12"]
[SourceQuality "1"]
[WhiteTeam "Australia"]
[BlackTeam "Canada"]
[WhiteTeamCountry "AUS"]
[BlackTeamCountry "CAN"]

1. d4 Nf6 2. c4 g6 3. Nc3 Bg7 4. Nf3 0-0 5. e4 d6 6. h3 e5 7. d5 Na6 8. a3 Nc5 9. Bg5 h6 10. Bxf6 Qxf6 11. Be2 a5 12. b3 Bd7 13. Nd2 Qe7 14. Qc2 f5 15. Bf3 f4 16. 0-0 Kf7 17. b4 Na6 18. Rab1 axb4 19. axb4 Rh8 20. b5 Nc5 21. Nb3 b6 22. Nxc5 bxc5 23. Na4 h5 24. Be2 g5 25. f3 g4 26. Nc3 gxh3 27. gxh3 Bxh3 28. Rf2 Rab8 29. Bf1 Bd7 30. Rh2 h4 31. Bh3 Bxh3 32. Rxh3 Qg5+ 33. Qg2 Qxg2+ 34. Kxg2 Bf6 35. Kf2 Rhg8 36. Ne2 1/2-1/2

[Event "IECC Swiss-524"]
[Site "IECC email"]
[Date "2008.01.21"]
[Round "?"]
[White "Von Rosenberg, Clemens"]
[Black "Vertenten, Leo"]
[Result "1/2-1/2"]
[WhiteElo "1576"]
[BlackElo "1396"]
[PlyCount "37"]
[EventDate "2008.??.??"]
[EventType "match (corr)"]
[SourceTitle "Corr 2013"]
[Source "ChessBase"]
[SourceDate "2012.11.12"]
[SourceVersion "1"]
[SourceVersionDate "2012.11.12"]
[SourceQuality "1"]
[WhiteTeam "US of America"]
[BlackTeam "Spain"]
[WhiteTeamCountry "USA"]
[BlackTeamCountry "ESP"]

1. e4 c5 2. Nf3 d6 3. d4 cxd4 4. Nxd4 a6 5. Nc3 Nc6 6. Bc4 e6 7. 0-0 Nf6 8. Bg5 Ne5 9. Bb3 Be7 10. a4 Bd7 11. Qe2 0-0 12. Rfd1 Qb6 13. Nf3 Nxf3+ 14. Qxf3 Rfe8 15. Qg3 e5 16. Bxf6 Bxf6 17. Nd5 Qd8 18. Nxf6+ Qxf6 19. Rd3 1/2-1/2

[Event "IECG CP.2006.P.00022 email"]
[Site "IECG email"]
[Date "2006.10.01"]
[Round "?"]
[White "Ertl, Lubos"]
[Black "Vertenten, Leo"]
[Result "1-0"]
[WhiteElo "2199"]
[BlackElo "1610"]
[PlyCount "35"]
[EventDate "2006.10.01"]
[EventType "tourn (corr)"]
[EventRounds "6"]
[SourceTitle "Corr 2011"]
[Source "ChessBase"]
[SourceDate "2010.08.31"]
[SourceVersion "1"]
[SourceVersionDate "2010.08.31"]
[SourceQuality "1"]

1. e4 Nc6 2. d4 e6 3. Nf3 a6 4. Bd3 h6 5. 0-0 Nf6 6. e5 Nd5 7. c4 Ndb4 8. Be2 d5 9. a3 Qe7 10. c5 a5 11. axb4 axb4 12. Rxa8 Qd7 13. Bb5 Kd8 14. Ne1 Be7 15. Nc2 f6 16. Nxb4 fxe5 17. Qa4 Rf8 18. Nxc6+ 1-0

[Event "IECC Swiss-501.3"]
[Site "IECC email"]
[Date "2006.09.18"]
[Round "?"]
[White "Vertenten, Leo"]
[Black "Porkolab, Sandor"]
[Result "0-1"]
[WhiteElo "1377"]
[BlackElo "2146"]
[PlyCount "56"]
[EventDate "2006.??.??"]
[EventType "swiss (corr)"]
[EventRounds "1"]
[SourceTitle "Corr 2020"]
[Source "ChessBase"]
[SourceDate "2019.09.30"]
[SourceVersion "1"]
[SourceVersionDate "2019.09.30"]
[SourceQuality "1"]
[WhiteTeam "South Africa"]
[BlackTeam "Hungary"]
[WhiteTeamCountry "RSA"]
[BlackTeamCountry "HUN"]

1. d4 d5 2. c4 c6 3. Nc3 Nf6 4. f3 dxc4 5. e3 b5 6. Nge2 Nbd7 7. e4 e5 8. a3 Qb6 9. Be3 Bb7 10. Qd2 Rd8 11. dxe5 Bc5 12. Nd4 Nxe5 13. Rd1 0-0 14. Be2 Rd7 15. 0-0 Rfd8 16. Qc1 Bxd4 17. Bxd4 Rxd4 18. Rxd4 Qxd4+ 19. Kh1 Qb6 20. Rd1 Re8 21. Rd6 a5 22. b4 cxb3 23. Nxb5 Neg4 24. h3 Nh5 25. hxg4 Ng3+ 26. Kh2 Nxe2 27. Qc4 Qg1+ 28. Kh3 Qh1# 0-1

[Event "IECG TE.2006.P.02125 email"]
[Site "IECG email"]
[Date "2006.03.15"]
[Round "2"]
[White "Vertenten, Leo"]
[Black "Guimaraes, Mario S"]
[Result "0-1"]
[WhiteElo "1610"]
[BlackElo "2129"]
[PlyCount "42"]
[EventDate "2006.03.17"]
[EventType "tourn (corr)"]
[EventRounds "12"]
[SourceTitle "Corr 2024"]
[Source "ChessBase"]
[SourceDate "2023.10.19"]
[SourceVersion "1"]
[SourceVersionDate "2023.10.19"]
[SourceQuality "1"]

1. e4 c5 2. f4 e6 3. d3 d5 4. exd5 exd5 5. c3 Nf6 6. h3 Nc6 7. Nf3 Bd6 8. Be2 Nh5 9. 0-0 Nxf4 10. Bxf4 Bxf4 11. d4 Qb6 12. b3 Be3+ 13. Kh1 cxd4 14. c4 Ne7 15. Bd3 dxc4 16. Bxc4 Nf5 17. Kh2 Qd6+ 18. Kh1 Ng3+ 19. Kh2 Nxf1+ 20. Kh1 Qh2+ 21. Nxh2 Ng3# 0-1

[Event "IECG CP.2005.P.00064"]
[Site "IECG email"]
[Date "2005.10.01"]
[Round "?"]
[White "Roth, Christian"]
[Black "Vertenten, Leo"]
[Result "1-0"]
[WhiteElo "839"]
[BlackElo "1610"]
[PlyCount "83"]
[EventDate "2005.10.01"]
[EventType "tourn (corr)"]
[EventRounds "6"]
[SourceTitle "Corr 2008"]
[Source "ChessBase"]
[SourceDate "2008.06.24"]
[SourceVersion "1"]
[SourceVersionDate "2008.06.24"]
[SourceQuality "1"]

1. e4 c5 2. Nf3 Nc6 3. Nc3 a6 4. d4 cxd4 5. Nxd4 e6 6. Nxc6 dxc6 7. Qxd8+ Kxd8 8. Bg5+ f6 9. Bh4 Be7 10. Rd1+ Bd7 11. Be2 g5 12. Bg3 Nh6 13. h3 e5 14. Na4 b5 15. Nb6 Ra7 16. 0-0 Nf7 17. Nxd7 Rxd7 18. Rxd7+ Ke8 19. Rc7 c5 20. Ra7 Nd6 21. Rxa6 Kf7 22. f3 Kg7 23. Ra7 Re8 24. f4 gxf4 25. Bh4 Kg6 26. g4 c4 27. b3 Nxe4 28. bxc4 b4 29. Bd3 Bc5+ 30. Kg2 Bxa7 31. Bxe4+ Kg7 32. Rd1 Bd4 33. c5 Bxc5 34. Rd7+ Re7 35. Rd5 Bd4 36. Rb5 Bc3 37. g5 fxg5 38. Bxg5 Rf7 39. Rb6 Rd7 40. Rh6 Rd2+ 41. Kf3 Rd1 42. Rxh7+ 1-0

[Event "IECC CL6-2002.20"]
[Site "IECC email"]
[Date "2002.07.06"]
[Round "?"]
[White "Hulse, David"]
[Black "Vertenten, Leo"]
[Result "0-1"]
[WhiteElo "1258"]
[BlackElo "1323"]
[PlyCount "36"]
[EventDate "2002.??.??"]
[EventType "tourn (corr)"]
[EventRounds "4"]
[SourceTitle "Corr 2008"]
[Source "ChessBase"]
[SourceDate "2008.06.24"]
[SourceVersion "1"]
[SourceVersionDate "2008.06.24"]
[SourceQuality "1"]

1. e4 Nc6 2. d4 d5 3. e5 f6 4. f4 Bf5 5. c3 e6 6. Bd3 Bxd3 7. Qxd3 fxe5 8. fxe5 Nge7 9. Bg5 Qd7 10. Ne2 h6 11. Bxe7 Nxe7 12. Nd2 Nf5 13. Nf3 Be7 14. h4 h5 15. Nf4 Rh6 16. Ng5 Nxh4 17. Nf3 g5 18. Rxh4 gxh4 0-1